[Event "MCR senioru 2018 nad 50 let"]
[Site "Pelclovo divadlo Rychnov nad Kneznou, Panska ulice"]
[Date "2018.07.28"]
[Round "1"]
[White "Macek, Oldrich"]
[Black "Kucera, Petr"]
[Result "0-1"]
[WhiteElo "1725"]
[BlackElo "2256"]
[EventDate "2018.07.28"]
[PlyCount "84"]

1. d4 Nf6 2. c4 c5 3. e3 cxd4 4. exd4 d5 5. Nf3 Nc6 6. Nc3 Bg4 7. Be3 e6 8. h3
Bh5 9. g4 Bg6 10. Ne5 Bb4 11. Bg2 O-O 12. O-O dxc4 13. Nxg6 hxg6 14. a3 Bxc3
15. bxc3 Nd5 16. Bd2 Rc8 17. f4 f5 18. g5 Qd6 19. h4 Kf7 20. h5 Rh8 21. hxg6+
Kxg6 22. Qe2 Nce7 23. Rf3 Kf7 24. Re1 Ng6 25. Rf2 Rh4 26. Bxd5 Qxd5 27. Qf3
Rg4+ 28. Kf1 Qxf3 29. Rxf3 Rh8 30. Ke2 Rh2+ 31. Kd1 Rgg2 32. Be3 Ne7 33. Bg1
Rd2+ 34. Kc1 Rc2+ 35. Kb1 Rb2+ 36. Ka1 Ra2+ 37. Kb1 Rhb2+ 38. Kc1 Rg2 39. Kb1
Nd5 40. Rg3 Rgb2+ 41. Kc1 Nxf4 42. d5 Ne2+ 0-1

[Event "MCR senioru 2018 nad 50 let"]
[Site "Pelclovo divadlo Rychnov nad Kneznou, Panska ulice"]
[Date "2018.07.28"]
[Round "1"]
[White "Marsalek, Zdenek"]
[Black "Plachetka, Milan"]
[Result "1/2-1/2"]
[WhiteElo "2227"]
[BlackElo "1652"]
[EventDate "2018.07.28"]
[PlyCount "133"]

1. d4 Nf6 2. Nf3 d6 3. g3 e6 4. Bg2 Nc6 5. O-O Be7 6. c4 O-O 7. Nc3 h6 8. e4 a6
9. Re1 Rb8 10. Qc2 Nb4 11. Qe2 c5 12. dxc5 dxc5 13. Bf4 Ra8 14. Rad1 Qa5 15. e5
Nh7 16. a3 Nc6 17. Ne4 Qc7 18. h4 b6 19. Nd6 Bb7 20. Rd2 Rfd8 21. Red1 Nf8 22.
h5 Nh7 23. Ne1 Bxd6 24. exd6 Qd7 25. Nc2 Na5 26. b4 Bxg2 27. Kxg2 Nb7 28. Qg4
Nf6 29. Qf3 Rac8 30. Bxh6 Qc6 31. Qxc6 Rxc6 32. Be3 Rcxd6 33. Rxd6 Rxd6 34. Rh1
Ng4 35. Rb1 Nxe3+ 36. Nxe3 Rd3 37. bxc5 Nxc5 38. Rxb6 Rxa3 39. Rb8+ Kh7 40. Rf8
f6 41. Rc8 Ra5 42. Ng4 Ne4 43. Rc7 Rc5 44. Nxf6+ Kh6 45. Ng8+ Kh7 46. Nf6+ Kh6
47. Ng8+ Kh7 48. Rxc5 Nxc5 49. Ne7 Kh6 50. g4 Kg5 51. f3 Kf4 52. Nc6 e5 53. Ne7
a5 54. Nd5+ Kg5 55. Kg3 a4 56. Nc3 a3 57. Kf2 Kf4 58. Ke2 e4 59. fxe4 Nxe4 60.
Kd3 Nc5+ 61. Kd4 Nb3+ 62. Kd5 Kxg4 63. c5 Nxc5 64. Kxc5 Kxh5 65. Kb4 g5 66.
Kxa3 g4 67. Ne2 1/2-1/2

[Event "MCR senioru 2018 nad 50 let"]
[Site "Pelclovo divadlo Rychnov nad Kneznou, Panska ulice"]
[Date "2018.07.28"]
[Round "1"]
[White "Dolezal, Rudolf"]
[Black "Kozak, Milos"]
[Result "0-1"]
[WhiteElo "1651"]
[BlackElo "2176"]
[EventDate "2018.07.28"]
[PlyCount "62"]

1. b3 e5 2. Bb2 Nc6 3. e3 Nf6 4. g3 d5 5. Ne2 Bg4 6. Bg2 Qd7 7. f3 Bh3 8. O-O
h5 9. Rf2 Bxg2 10. Rxg2 O-O-O 11. Nbc3 d4 12. exd4 exd4 13. Ne4 Nxe4 14. fxe4
Bc5 15. d3 Ne5 16. Nf4 Ng4 17. Qe1 Ne3 18. Rf2 h4 19. b4 hxg3 20. hxg3 Bd6 21.
Qe2 Bxf4 22. gxf4 Qh3 23. Qf3 Qxf3 24. Rxf3 Nxc2 25. Rc1 Nxb4 26. Rc4 Nc6 27.
Rg3 g6 28. Rg5 Rh3 29. f5 Rxd3 30. fxg6 fxg6 31. Rxg6 Ne5 0-1

[Event "MCR senioru 2018 nad 50 let"]
[Site "Pelclovo divadlo Rychnov nad Kneznou, Panska ulice"]
[Date "2018.07.28"]
[Round "1"]
[White "Elias, Miroslav"]
[Black "Burita, Dobroslav"]
[Result "1-0"]
[WhiteElo "2032"]
[BlackElo "1578"]
[EventDate "2018.07.28"]
[PlyCount "103"]

1. Nf3 Nf6 2. c4 e6 3. g3 Be7 4. Bg2 O-O 5. O-O d5 6. cxd5 Nxd5 7. Nc3 c6 8. e4
Nb6 9. a4 Na6 10. b3 Bb4 11. Bb2 Nd7 12. d4 f6 13. Ne1 e5 14. d5 Ndc5 15. Nd3
Nxd3 16. Qxd3 Kh8 17. Na2 Bc5 18. Bc3 Re8 19. b4 Bf8 20. Rfd1 cxd5 21. exd5 Bd6
22. b5 Nc5 23. Qc4 b6 24. Nb4 Bd7 25. Nc6 Qc7 26. Bb4 Bf5 27. a5 Qd7 28. Ra3
Qb7 29. Rda1 Bg6 30. h4 h6 31. Qa2 Bf7 32. Qc2 Bg8 33. axb6 axb6 34. Ra7 Rxa7
35. Rxa7 Qc8 36. Qg6 Bf8 37. Bxc5 Bh7 38. Qf7 Bg8 39. Qg6 bxc5 40. b6 Bh7 41.
Qf7 Bg8 42. Qd7 Qxd7 43. Rxd7 c4 44. b7 c3 45. b8=Q Rxb8 46. Nxb8 c2 47. Rc7
Bh7 48. Rc8 Kg8 49. Nd7 Kf7 50. Nxf8 c1=Q+ 51. Rxc1 Kxf8 52. d6 1-0

[Event "MCR senioru 2018 nad 50 let"]
[Site "Pelclovo divadlo Rychnov nad Kneznou, Panska ulice"]
[Date "2018.07.28"]
[Round "1"]
[White "Vorel, Bohuslav"]
[Black "Malinovsky, Petr"]
[Result "0-1"]
[WhiteElo "1519"]
[BlackElo "2021"]
[EventDate "2018.07.28"]
[PlyCount "42"]

1. e4 c5 2. Nf3 g6 3. d4 cxd4 4. Nxd4 Nc6 5. Be3 Bg7 6. c3 Nf6 7. Nd2 O-O 8.
Be2 d5 9. Nxc6 bxc6 10. exd5 Nxd5 11. O-O Nxe3 12. fxe3 Rb8 13. Nb3 Qb6 14. Qc1
Bh6 15. Kf2 a5 16. Nd4 e5 17. Nc2 Bf5 18. Bd1 Qxb2 19. Re1 Qxc3 20. a4 Rfd8 21.
Ra3 Qd2+ 0-1

[Event "MCR senioru 2018 nad 50 let"]
[Site "Pelclovo divadlo Rychnov nad Kneznou, Panska ulice"]
[Date "2018.07.28"]
[Round "1"]
[White "Vorackova, Jarmila"]
[Black "Kuda, Pavel"]
[Result "1-0"]
[WhiteElo "1836"]
[BlackElo "1498"]
[EventDate "2018.07.28"]
[PlyCount "65"]

1. d4 d5 2. c4 Nf6 3. Nc3 e6 4. Nf3 Be7 5. Bg5 Nbd7 6. e3 Ne4 7. Nxe4 dxe4 8.
Bxe7 Qxe7 9. Nd2 Nf6 10. Qc2 O-O 11. a3 c5 12. dxc5 Qxc5 13. Nxe4 Nxe4 14. Qxe4
Rd8 15. Be2 a5 16. O-O Rd2 17. Rfd1 f5 18. Qh4 Rxe2 19. Rd8+ Kf7 20. Qh5+ Kf6
21. Qxe2 Ra6 22. h3 Qc7 23. Rad1 Rc6 24. b3 Qf7 25. Qf3 g6 26. e4 Kg7 27. Qc3+
Kh6 28. e5 b5 29. c5 Qa7 30. b4 Rc7 31. Qe3+ Kg7 32. Qg5 Rf7 33. Rxc8 1-0

[Event "MCR senioru 2018 nad 50 let"]
[Site "Pelclovo divadlo Rychnov nad K"]
[Date "2018.07.29"]
[Round "2"]
[White "Kucera, Petr"]
[Black "Elias, Miroslav"]
[Result "1-0"]
[WhiteElo "2256"]
[BlackElo "2032"]
[PlyCount "79"]
[EventDate "2018.07.28"]

1. d4 Nf6 2. c4 g6 3. f3 c5 4. d5 Bg7 5. e4 d6 6. Ne2 b5 7. cxb5 a6 8. Nec3 O-O
9. a4 e6 10. Bg5 Bb7 11. dxe6 fxe6 12. e5 dxe5 13. Qxd8 Rxd8 14. Bc4 Bd5 15.
Nd2 axb5 16. Nxb5 Na6 17. O-O h6 18. Be3 e4 19. fxe4 Nxe4 20. Nxe4 Bxc4 21.
Nf6+ Kh8 22. Rf4 Bd3 23. g4 g5 24. Rf2 Rf8 25. Rd1 c4 26. Bd4 Rad8 27. Bc3 Nb4
28. Nc7 Na2 29. Be5 Nb4 30. Nxe6 Nc6 31. Bc3 Rxf6 32. Rxf6 Nd4 33. Nxg7 Ne2+
34. Kf2 Nxc3 35. bxc3 Kxg7 36. Re6 Rb8 37. Ke3 Rb2 38. Rd2 Rb1 39. Kd4 Ra1 40.
Rb2 1-0

[Event "MCR senioru 2018 nad 50 let"]
[Site "Pelclovo divadlo Rychnov nad K"]
[Date "2018.07.29"]
[Round "2"]
[White "Kozak, Milos"]
[Black "Vorackova, Jarmila"]
[Result "1-0"]
[WhiteElo "2176"]
[BlackElo "1836"]
[PlyCount "67"]
[EventDate "2018.07.28"]

1. Nf3 Nf6 2. g3 d5 3. Bg2 Nbd7 4. d4 e6 5. O-O c5 6. c4 Qc7 7. cxd5 exd5 8.
Nc3 c4 9. Bf4 Qa5 10. e4 Bb4 11. Nxd5 Nxd5 12. exd5 O-O 13. a3 Be7 14. Qe2 Bf6
15. Qxc4 Nb6 16. Qc5 Qxc5 17. dxc5 Nxd5 18. Be5 Bd7 19. Bxf6 Nxf6 20. Ne5 Rab8
21. Rfd1 Ba4 22. Rd4 Bb3 23. Rb4 Bd5 24. Rd1 Bxg2 25. Kxg2 Rfe8 26. Nd7 Nxd7
27. Rxd7 b6 28. cxb6 Rxb6 29. Rxb6 axb6 30. Rb7 Kf8 31. Rxb6 Rc8 32. a4 Ke7 33.
a5 Kd7 34. b4 1-0

[Event "MCR senioru 2018 nad 50 let"]
[Site "Pelclovo divadlo Rychnov nad K"]
[Date "2018.07.29"]
[Round "2"]
[White "Malinovsky, Petr"]
[Black "Marsalek, Zdenek"]
[Result "0-1"]
[WhiteElo "2021"]
[BlackElo "2227"]
[PlyCount "100"]
[EventDate "2018.07.28"]

1. d4 d5 2. c4 c6 3. Nf3 Nf6 4. e3 e6 5. Bd3 Nbd7 6. b3 Bd6 7. Bb2 O-O 8. O-O
b6 9. Nbd2 Bb7 10. e4 dxe4 11. Nxe4 Nxe4 12. Bxe4 Nf6 13. Bc2 c5 14. dxc5 Bxc5
15. Qe2 Qe7 16. Rad1 Rad8 17. h3 Rxd1 18. Rxd1 Rd8 19. Rd3 Rxd3 20. Bxd3 Qd8
21. Bc2 Qa8 22. Bxf6 gxf6 23. Qd3 Kf8 24. Qe2 h6 25. Qd3 Ke7 26. Kf1 Qb8 27.
Bd1 Qg8 28. Qd2 Qg6 29. Bc2 f5 30. Qc3 Qf6 31. Qxf6+ Kxf6 32. Ke2 e5 33. g3 e4
34. Nh4 Ke5 35. f3 Be7 36. f4+ Ke6 37. Ng2 Bc5 38. Ne3 Bc6 39. Ng2 b5 40. Ne3
Bd4 41. Bd1 Bd7 42. Bc2 Kd6 43. a3 bxc4 44. Nxc4+ Kc5 45. Ne3 Bb2 46. a4 Kd4
47. Kd2 Bc1+ 48. Kxc1 Kxe3 49. b4 Kf2 50. g4 e3 0-1

[Event "MCR senioru 2018 nad 50 let"]
[Site "Pelclovo divadlo Rychnov nad K"]
[Date "2018.07.29"]
[Round "2"]
[White "Plachetka, Milan"]
[Black "Macek, Oldrich"]
[Result "0-1"]
[WhiteElo "1652"]
[BlackElo "1725"]
[PlyCount "112"]
[EventDate "2018.07.28"]

1. e4 e5 2. Nf3 Nc6 3. d4 exd4 4. Bc4 Be7 5. O-O d6 6. Nxd4 Ne5 7. Bb3 Bg4 8.
f3 Bd7 9. Nc3 a6 10. h3 c5 11. Nf5 Bxf5 12. exf5 c4 13. f4 cxb3 14. fxe5 bxc2
15. Qxc2 dxe5 16. Be3 Nf6 17. Rad1 Qc7 18. Qa4+ Qc6 19. Qa5 b5 20. a4 Rb8 21.
axb5 axb5 22. Rfe1 O-O 23. Bf2 e4 24. Qa7 Bd6 25. Qe3 Rfe8 26. g4 b4 27. Ne2
Nd5 28. Qd4 Rbd8 29. Kg2 Bc7 30. Kf1 e3 31. Bh4 Nf4 32. Nxf4 Rxd4 33. Rxd4 Qh1+
34. Ke2 Qh2+ 35. Kd1 Bxf4 36. Re2 Qh1+ 37. Be1 Bc7 38. h4 b3 39. g5 Qa8 40. Bd2
Bb6 41. Rd3 Qh1+ 42. Be1 Qc6 43. g6 hxg6 44. fxg6 fxg6 45. Bc3 Rd8 46. Rxd8+
Bxd8 47. Rxe3 Bxh4 48. Re2 Qd5+ 49. Bd2 Qh1+ 50. Be1 Bxe1 51. Rxe1 Qf3+ 52. Re2
g5 53. Kd2 Qd5+ 54. Kc3 Qf3+ 55. Kd2 g4 56. Re3 Qf4 0-1

[Event "MCR senioru 2018 nad 50 let"]
[Site "Pelclovo divadlo Rychnov nad K"]
[Date "2018.07.29"]
[Round "2"]
[White "Kuda, Pavel"]
[Black "Dolezal, Rudolf"]
[Result "1/2-1/2"]
[WhiteElo "1498"]
[BlackElo "1651"]
[PlyCount "45"]
[EventDate "2018.07.28"]

1. e4 b6 2. Nc3 Bb7 3. d3 e6 4. Nf3 Nf6 5. g3 Bb4 6. Bd2 Nc6 7. Bg2 e5 8. O-O
Bc5 9. Bg5 h6 10. Bxf6 gxf6 11. Nd5 Nd4 12. c3 Ne6 13. d4 Bd6 14. Nh4 c6 15.
Nf5 Bf8 16. Nde3 Qc7 17. Ng4 O-O-O 18. Nxf6 h5 19. d5 cxd5 20. Nxd5 Bxd5 21.
Qxd5 d6 22. h4 Qb7 23. Qxb7+ 1/2-1/2

[Event "MCR senioru 2018 nad 50 let"]
[Site "Pelclovo divadlo Rychnov nad K"]
[Date "2018.07.29"]
[Round "2"]
[White "Burita, Dobroslav"]
[Black "Vorel, Bohuslav"]
[Result "1-0"]
[WhiteElo "1578"]
[BlackElo "1519"]
[PlyCount "73"]
[EventDate "2018.07.28"]

1. e4 c5 2. Nf3 d6 3. d4 cxd4 4. Nxd4 Nf6 5. Nc3 g6 6. Be3 Bg7 7. Qd2 O-O 8. f3
Nc6 9. O-O-O a6 10. g4 Be6 11. h4 h5 12. gxh5 Nxh5 13. Nxe6 fxe6 14. Bh3 Kh7
15. Bxe6 Rxf3 16. Kb1 Ne5 17. Bg5 Bf8 18. Nd5 Ng3 19. Rhe1 Nh5 20. Rf1 Ng7 21.
Nf4 Rxf1 22. Rxf1 Qb6 23. Bb3 Qb5 24. Rh1 Nh5 25. Nxh5 gxh5 26. Qd1 Qe8 27. Be6
Bh6 28. Bf5+ Kg7 29. Rg1 Bxg5 30. Rxg5+ Kf6 31. Rxh5 Qg8 32. Rh6+ Kg7 33. Qh5
Rf8 34. Rh7+ Kf6 35. Qh6+ Ng6 36. Qg5+ Ke5 37. Bxg6+ 1-0

[Event "MCR senioru 2018 nad 50 let"]
[Site "Pelclovo divadlo Rychnov nad K"]
[Date "2018.07.30"]
[Round "3"]
[White "Marsalek, Zdenek"]
[Black "Elias, Miroslav"]
[Result "1/2-1/2"]
[WhiteElo "2227"]
[BlackElo "2032"]
[PlyCount "57"]
[EventDate "2018.07.28"]

1. d4 Nf6 2. Nf3 g6 3. g3 Bg7 4. Bg2 O-O 5. O-O d5 6. c4 dxc4 7. Na3 c6 8. Nxc4
Nbd7 9. e3 Nb6 10. b3 a5 11. a4 Be6 12. Qe2 Bd5 13. Bb2 Be4 14. Rfd1 Nbd5 15.
Bf1 Nb4 16. Ne1 g5 17. f3 Bg6 18. Ne5 Qd5 19. Nxg6 hxg6 20. Qc4 g4 21. e4 Qxc4
22. bxc4 gxf3 23. e5 f2+ 24. Kxf2 Nd7 25. Nf3 e6 26. Bc3 Rfe8 27. Rab1 c5 28.
dxc5 Nxc5 29. Bxb4 1/2-1/2

[Event "MCR senioru 2018 nad 50 let"]
[Site "Pelclovo divadlo Rychnov nad K"]
[Date "2018.07.30"]
[Round "3"]
[White "Macek, Oldrich"]
[Black "Malinovsky, Petr"]
[Result "0-1"]
[WhiteElo "1725"]
[BlackElo "2021"]
[PlyCount "112"]
[EventDate "2018.07.28"]

1. c4 e6 2. Nf3 d5 3. g3 c6 4. Bg2 f5 5. b3 Nf6 6. O-O Be7 7. Ba3 O-O 8. d4
Nbd7 9. c5 Ne4 10. Qc2 g5 11. Nbd2 g4 12. Ne5 Nxe5 13. dxe5 Bd7 14. Nxe4 fxe4
15. Bb2 Be8 16. f3 exf3 17. exf3 Bg6 18. Qc3 gxf3 19. Bxf3 Bf5 20. Bc1 Bg5 21.
Be3 Qe7 22. b4 a6 23. Qd2 Bxe3+ 24. Qxe3 Qg7 25. Rf2 Rad8 26. Rd1 Rf7 27. Qd4
Rdf8 28. Bg2 Bg4 29. Rdf1 Rxf2 30. Rxf2 Rxf2 31. Kxf2 Qg6 32. Qe3 h6 33. h3
Qf5+ 34. Kg1 Bxh3 35. Qxh6 Bxg2 36. Kxg2 Qxe5 37. Qg6+ Kf8 38. Qh6+ Kf7 39.
Qh7+ Qg7 40. Qh5+ Qg6 41. Qe5 Qc2+ 42. Kg1 Qb1+ 43. Kh2 Qxa2+ 44. Kh3 Qb1 45.
Qc7+ Kg6 46. Qxb7 Qh1+ 47. Kg4 Qh5+ 48. Kf4 e5+ 49. Ke3 d4+ 50. Kd2 Qg5+ 51.
Kc2 Qf5+ 52. Kd2 Qf2+ 53. Kd1 Qf3+ 54. Kc1 d3 55. Qd7 Qe3+ 56. Kd1 Qe2+ 0-1

[Event "MCR senioru 2018 nad 50 let"]
[Site "Pelclovo divadlo Rychnov nad K"]
[Date "2018.07.30"]
[Round "3"]
[White "Vorackova, Jarmila"]
[Black "Burita, Dobroslav"]
[Result "1-0"]
[WhiteElo "1836"]
[BlackElo "1578"]
[PlyCount "129"]
[EventDate "2018.07.28"]

1. d4 Nf6 2. c4 e6 3. Nc3 d5 4. Bg5 Be7 5. Nf3 O-O 6. e3 dxc4 7. Bxc4 c6 8. O-O
Nbd7 9. Qc2 Nd5 10. Bxe7 Qxe7 11. a3 h6 12. Rfe1 Nxc3 13. bxc3 b5 14. Bb3 Bb7
15. Qd3 a6 16. e4 c5 17. c4 cxd4 18. cxb5 Nc5 19. Qc4 Nxb3 20. Qxb3 e5 21. a4
axb5 22. Qxb5 f6 23. Nh4 Rfb8 24. Qb3+ Kh7 25. Qg3 Qf7 26. f4 exf4 27. Qxf4 Rd8
28. e5 Ra6 29. Qf5+ g6 30. e6 gxf5 31. exf7 Be4 32. Nxf5 Bc6 33. Nxd4 Rf8 34.
Nxc6 Rxc6 35. Re7 Kg7 36. a5 Ra6 37. Kf2 Rxf7 38. Rxf7+ Kxf7 39. Kf3 f5 40. Ke3
Ke6 41. Kd4 Kd6 42. Kc4 Kc6 43. Kb4 Kb7 44. Re1 Rg6 45. g3 Ka6 46. Re5 Rg4+ 47.
Kc5 Kxa5 48. Rxf5 Rg6 49. Kd5 Kb5 50. Ke5 Kc5 51. Rf6 Rg5+ 52. Kf4 Rg8 53. Rxh6
Kd5 54. Rf6 Rh8 55. h4 Rh7 56. Kf5 Rh8 57. Rf7 Kd6 58. Kg6 Ke6 59. h5 Rxh5 60.
Kxh5 Kxf7 61. Kh6 Kg8 62. g4 Kh8 63. g5 Kg8 64. Kg6 Kh8 65. Kf7 1-0

[Event "MCR senioru 2018 nad 50 let"]
[Site "Pelclovo divadlo Rychnov nad K"]
[Date "2018.07.30"]
[Round "3"]
[White "Dolezal, Rudolf"]
[Black "Plachetka, Milan"]
[Result "1-0"]
[WhiteElo "1651"]
[BlackElo "1652"]
[PlyCount "99"]
[EventDate "2018.07.28"]

1. b3 Nf6 2. Bb2 e6 3. g3 d5 4. e3 Be7 5. Bg2 c5 6. Ne2 Nc6 7. O-O O-O 8. d4 b5
9. dxc5 Bxc5 10. Nd2 a5 11. c4 bxc4 12. Nxc4 dxc4 13. Bxc6 Rb8 14. Be5 Rb6 15.
Qxd8 Rxd8 16. Bc7 Rxc6 17. Bxd8 cxb3 18. axb3 Ba6 19. Rfe1 Bb4 20. Nd4 Rd6 21.
Bxf6 Bxe1 22. Rxe1 gxf6 23. Ra1 Bb7 24. Kf1 Ra6 25. Ke2 Kg7 26. f4 h5 27. Kd3
Kg6 28. e4 f5 29. exf5+ exf5 30. Rc1 a4 31. bxa4 Rxa4 32. Rc5 Be4+ 33. Kc3 Ra2
34. h3 Rg2 35. g4 hxg4 36. hxg4 Rxg4 37. Ne2 Rh4 38. Ra5 Rh2 39. Nd4 Rf2 40.
Ra6+ Kg7 41. Ra7 Kg6 42. Ra6+ Kh5 43. Rf6 Kg4 44. Rxf7 Rxf4 45. Rg7+ Kh3 46.
Rh7+ Kg2 47. Rg7+ Kf2 48. Kd2 Kf1 49. Ne2 Rf2 50. Rg1# 1-0

[Event "MCR senioru 2018 nad 50 let"]
[Site "Pelclovo divadlo Rychnov nad K"]
[Date "2018.07.30"]
[Round "3"]
[White "Vorel, Bohuslav"]
[Black "Kuda, Pavel"]
[Result "1/2-1/2"]
[WhiteElo "1519"]
[BlackElo "1498"]
[PlyCount "60"]
[EventDate "2018.07.28"]

1. e4 e5 2. Bc4 Nc6 3. Nf3 Nd4 4. Nxd4 exd4 5. d3 d6 6. O-O Nf6 7. h3 Be7 8.
Bg5 O-O 9. Nd2 Re8 10. a3 d5 11. Bxf6 dxc4 12. Bxe7 Qxe7 13. Nxc4 Qg5 14. Qf3
Be6 15. b3 c6 16. Qg3 Qxg3 17. fxg3 Rad8 18. Nd2 c5 19. a4 Rf8 20. g4 f6 21.
Kh2 Bf7 22. Rf2 a6 23. a5 Rd6 24. Rff1 b5 25. axb6 Rxb6 26. Ra5 Rc6 27. Rfa1
Ra8 28. Nf3 Be6 29. Kg3 Bc8 30. Nd2 Ra7 1/2-1/2

[Event "MCR senioru 2018 nad 50 let"]
[Site "Pelclovo divadlo Rychnov nad K"]
[Date "2018.07.31"]
[Round "4"]
[White "Malinovsky, Petr"]
[Black "Kozak, Milos"]
[Result "1/2-1/2"]
[WhiteElo "2021"]
[BlackElo "2176"]
[PlyCount "56"]
[EventDate "2018.07.28"]

1. d4 Nf6 2. c4 e6 3. Nc3 Bb4 4. e3 O-O 5. Bd3 d5 6. Nge2 dxc4 7. Bxc4 c5 8. a3
Bxc3+ 9. bxc3 Qc7 10. Ba2 b6 11. O-O Ba6 12. h3 Rd8 13. Bb2 Nc6 14. Qc2 Na5 15.
Rac1 Bc4 16. Bxc4 Nxc4 17. Rfd1 b5 18. Nf4 a6 19. Nd3 Nd7 20. a4 Qc6 21. Ra1
Rdb8 22. Ba3 Nxa3 23. Rxa3 cxd4 24. axb5 Rxb5 25. exd4 e5 26. dxe5 Nxe5 27.
Nxe5 Rxe5 28. Qd3 h5 1/2-1/2

[Event "MCR senioru 2018 nad 50 let"]
[Site "Pelclovo divadlo Rychnov nad K"]
[Date "2018.07.31"]
[Round "4"]
[White "Elias, Miroslav"]
[Black "Vorackova, Jarmila"]
[Result "1/2-1/2"]
[WhiteElo "2032"]
[BlackElo "1836"]
[PlyCount "42"]
[EventDate "2018.07.28"]

1. e4 c6 2. d4 d5 3. exd5 cxd5 4. Bd3 Nc6 5. c3 Nf6 6. Bf4 e6 7. Nf3 Bd6 8.
Bxd6 Qxd6 9. O-O O-O 10. Re1 Bd7 11. Nbd2 Ne7 12. Ne5 b5 13. Ndf3 h6 14. Nxd7
Qxd7 15. Ne5 Qb7 16. Ng4 Nxg4 17. Qxg4 b4 18. Re3 bxc3 19. bxc3 Rab8 20. Rae1
Qc7 21. h4 Rb2 1/2-1/2

[Event "MCR senioru 2018 nad 50 let"]
[Site "Pelclovo divadlo Rychnov nad K"]
[Date "2018.07.31"]
[Round "4"]
[White "Burita, Dobroslav"]
[Black "Dolezal, Rudolf"]
[Result "1-0"]
[WhiteElo "1578"]
[BlackElo "1651"]
[PlyCount "81"]
[EventDate "2018.07.28"]

1. e4 b6 2. d4 Bb7 3. Nc3 e6 4. Nf3 d6 5. Bb5+ c6 6. Bd3 Nf6 7. O-O Be7 8. h3
O-O 9. Bf4 Nbd7 10. e5 dxe5 11. dxe5 Nd5 12. Nxd5 cxd5 13. c3 Nc5 14. Bc2 Ne4
15. Nd4 Bg5 16. Bh2 Ba6 17. Re1 f5 18. Nxe6 Qd7 19. Nxf8 Rxf8 20. Bxe4 fxe4 21.
Qd4 Bd3 22. b3 Qf7 23. Bg3 h5 24. h4 Be7 25. Qe3 Bc5 26. Qd2 b5 27. a3 Qf5 28.
Ra2 Qg6 29. Kh2 d4 30. cxd4 Bxd4 31. a4 Rd8 32. axb5 Bxb5 33. Qf4 Rf8 34. Qxe4
Qb6 35. Qd5+ Kh8 36. e6 Bc6 37. Qxh5+ Kg8 38. e7 Re8 39. Rc2 Qb7 40. Qg6 Bf6
41. Re6 1-0

[Event "MCR senioru 2018 nad 50 let"]
[Site "Pelclovo divadlo Rychnov nad K"]
[Date "2018.07.31"]
[Round "4"]
[White "Kuda, Pavel"]
[Black "Macek, Oldrich"]
[Result "0-1"]
[WhiteElo "1498"]
[BlackElo "1725"]
[PlyCount "68"]
[EventDate "2018.07.28"]

1. e4 b6 2. Nc3 Bb7 3. Nf3 e6 4. d3 Nf6 5. Bg5 h6 6. Bh4 Be7 7. h3 O-O 8. Be2
c5 9. e5 Nd5 10. Bxe7 Qxe7 11. Nxd5 Bxd5 12. c4 Bb7 13. O-O d5 14. exd6 Qxd6
15. Nd2 Rd8 16. Ne4 Qe5 17. Qc2 Nc6 18. Nc3 Nd4 19. Qd2 Qf6 20. Rad1 Qg6 21. f3
Rd7 22. Rf2 Rad8 23. Kh2 e5 24. Bf1 Ne6 25. Qe3 f6 26. Rfd2 Nd4 27. Nb5 Nf5 28.
Qf2 a6 29. Nc3 h5 30. g4 hxg4 31. fxg4 Nd4 32. Ne4 Bxe4 33. dxe4 Nf3+ 34. Qxf3
Rxd2+ 0-1

[Event "MCR senioru 2018 nad 50 let"]
[Site "Pelclovo divadlo Rychnov nad K"]
[Date "2018.07.31"]
[Round "4"]
[White "Plachetka, Milan"]
[Black "Vorel, Bohuslav"]
[Result "0-1"]
[WhiteElo "1652"]
[BlackElo "1519"]
[PlyCount "122"]
[EventDate "2018.07.28"]

1. e4 c5 2. Nf3 d6 3. d4 cxd4 4. Nxd4 Nf6 5. Nc3 g6 6. Bc4 Bg7 7. O-O O-O 8. h3
Nc6 9. Be3 a6 10. f4 Nxd4 11. Bxd4 b5 12. Bd5 Nxd5 13. Nxd5 Bb7 14. Bxg7 Kxg7
15. Qd4+ f6 16. Rad1 Bxd5 17. Qxd5 Qc7 18. c3 Rad8 19. Kh1 h5 20. Qd3 Qc6 21.
Qe3 Qe8 22. Qf3 Qf7 23. a3 e6 24. Rf2 d5 25. exd5 Rxd5 26. Rxd5 exd5 27. Rd2
Rd8 28. Qe3 Qd7 29. Qb6 Qd6 30. Qd4 Kf7 31. g3 Qe6 32. Kg2 Ke7 33. Qd3 Qe4+ 34.
Kf2 Qxd3 35. Rxd3 Rd6 36. b3 Kd7 37. Kf3 Kc6 38. b4 Kd7 39. g4 hxg4+ 40. hxg4
f5 41. g5 Kc6 42. Rd1 Re6 43. Rh1 Rd6 44. Rh6 d4 45. cxd4 Kd5 46. Ke3 Kc4 47.
Rh8 Re6+ 48. Kd2 Kxd4 49. Rd8+ Ke4 50. Rf8 Kxf4 51. Rf6 Ke5 52. Rf8 Rd6+ 53.
Ke3 Rc6 54. Re8+ Re6 55. Rd8 f4+ 56. Kf3 Kf5 57. Rf8+ Kxg5 58. Rxf4 Rf6 59.
Rxf6 Kxf6 60. Kf4 Ke6 61. Kg5 Kd5 0-1

[Event "MCR senioru 2018 nad 50 let"]
[Site "Pelclovo divadlo Rychnov nad Kneznou, Panska ulice"]
[Date "2018.08.01"]
[Round "5"]
[White "Vorackova, Jarmila"]
[Black "Kucera, Petr"]
[Result "1/2-1/2"]
[WhiteElo "1836"]
[BlackElo "2256"]
[EventDate "2018.07.28"]
[PlyCount "40"]

1. d4 Nf6 2. c4 c5 3. d5 e6 4. Nc3 exd5 5. cxd5 d6 6. e4 g6 7. f4 Bg7 8. Bb5+
Nfd7 9. a4 O-O 10. Nf3 a6 11. Bd3 Nf6 12. h3 Re8 13. O-O Nbd7 14. Nd2 Qc7 15.
Nc4 Nb6 16. Qf3 Nxc4 17. Bxc4 Nd7 18. e5 dxe5 19. d6 e4 20. Nxe4 Qc6 1/2-1/2

[Event "MCR senioru 2018 nad 50 let"]
[Site "Pelclovo divadlo Rychnov nad Kneznou, Panska ulice"]
[Date "2018.08.01"]
[Round "5"]
[White "Burita, Dobroslav"]
[Black "Malinovsky, Petr"]
[Result "0-1"]
[WhiteElo "1578"]
[BlackElo "2021"]
[EventDate "2018.07.28"]
[PlyCount "102"]

1. e4 c5 2. Nf3 g6 3. d4 cxd4 4. Nxd4 Nc6 5. Be3 Bg7 6. Nc3 Nf6 7. Be2 O-O 8.
Qd2 d5 9. exd5 Nxd5 10. Nxc6 bxc6 11. Nxd5 Qxd5 12. Qxd5 cxd5 13. O-O-O Bb7 14.
f3 Rfc8 15. Rhe1 a5 16. Bd2 e6 17. Bd3 Bc6 18. Bf4 Bd7 19. Kb1 a4 20. a3 Ra7
21. Bd6 Rb7 22. Bb4 Rb6 23. Bf1 Bb5 24. Bxb5 Rxb5 25. Rd3 Rcb8 26. Re2 Bf8 27.
c3 Bg7 28. Ka2 Rc8 29. h3 h5 30. Kb1 Rc4 31. Rc2 Rb8 32. Kc1 Rbc8 33. Kd2 d4
34. Ke2 f5 35. g3 e5 36. Rcd2 e4 37. fxe4 fxe4 38. Rxd4 Bxd4 39. cxd4 Rc2 40.
Bc3 Rxd2+ 41. Kxd2 Rf8 42. Ke3 Rf3+ 43. Kxe4 Rxg3 44. d5 Kf7 45. Ke5 Rxh3 46.
Kd6 Rd3 47. Kc6 g5 48. d6 Ke6 49. Bb4 h4 50. Kb5 h3 51. Kxa4 h2 0-1

[Event "MCR senioru 2018 nad 50 let"]
[Site "Pelclovo divadlo Rychnov nad Kneznou, Panska ulice"]
[Date "2018.08.01"]
[Round "5"]
[White "Macek, Oldrich"]
[Black "Elias, Miroslav"]
[Result "0-1"]
[WhiteElo "1725"]
[BlackElo "2032"]
[EventDate "2018.07.28"]
[PlyCount "96"]

1. c4 Nf6 2. g3 e5 3. Bg2 Nc6 4. Nc3 Bb4 5. e3 O-O 6. Nge2 Re8 7. a3 Bf8 8. b4
d6 9. O-O e4 10. f3 exf3 11. Bxf3 Ne5 12. Bg2 Nxc4 13. Qc2 Nb6 14. Bb2 d5 15.
Nb5 c6 16. Nbd4 Nc4 17. Bc3 Ne4 18. Bxe4 Rxe4 19. Nf4 Qg5 20. Nf3 Qh6 21. Bd4
Re8 22. Qc3 Nd6 23. Nd3 Nb5 24. Qb2 Nxd4 25. Qxd4 Be7 26. Qf4 Qxf4 27. Nxf4 Bf6
28. Ra2 Be6 29. Nxe6 Rxe6 30. Ne1 a5 31. Nd3 axb4 32. Nxb4 Re4 33. Nd3 Be7 34.
Rb2 Rxa3 35. Nf2 Rb4 36. Rxb4 Bxb4 37. Rb1 c5 38. d4 b6 39. dxc5 bxc5 40. Rd1
Rxe3 41. Rxd5 h6 42. Ng4 Re8 43. Ne5 Rc8 44. Rd7 c4 45. Rxf7 c3 46. Rf1 c2 47.
Nd3 Ba3 48. Nc1 Rd8 0-1

[Event "MCR senioru 2018 nad 50 let"]
[Site "Pelclovo divadlo Rychnov nad Kneznou, Panska ulice"]
[Date "2018.08.01"]
[Round "5"]
[White "Dolezal, Rudolf"]
[Black "Vorel, Bohuslav"]
[Result "1/2-1/2"]
[WhiteElo "1651"]
[BlackElo "1519"]
[EventDate "2018.07.28"]
[PlyCount "46"]

1. b3 Nf6 2. Bb2 e6 3. g3 Be7 4. Bg2 O-O 5. Nf3 d5 6. d4 c5 7. O-O Nc6 8. e3 b6
9. Nbd2 cxd4 10. exd4 Bb7 11. a3 Rc8 12. c4 Qd7 13. Bh3 Ne4 14. cxd5 Nxd2 15.
dxc6 Nxf3+ 16. Qxf3 Qxc6 17. Qxc6 Bxc6 18. Rfe1 Bd5 19. b4 Rc2 20. Bc1 Rfc8 21.
Be3 Bf6 22. Bf1 Bc4 23. Bg2 Bd5 1/2-1/2